[Event "Valencia op 7th"]
[Site "Valencia"]
[Date "2014.01.04"]
[Round "6"]
[White "Gimeno Higueras, Roberto"]
[Black "Molina Ballester, Sergio"]
[Result "1-0"]
[WhiteElo "2198"]
[BlackElo "2001"]
[PlyCount "85"]
[EventDate "2014.01.02"]
[EventType "swiss"]
[EventRounds "7"]
[EventCountry "ESP"]
[SourceTitle "CBM 158 Extra"]
[Source "ChessBase"]
[SourceDate "2014.02.28"]
[SourceVersion "1"]
[SourceVersionDate "2014.02.28"]
[SourceQuality "1"]

1. b4 d5 2. Bb2 Nd7 3. Nf3 Ngf6 4. e3 g6 5. c4 c6 6. cxd5 cxd5 7. Nc3 Nb6 8. Rc1 Bd7 9. a4 a5 10. Nb5 Nc4 11. Bxc4 dxc4 12. Rxc4 Bxb5 13. axb5 Bg7 14. bxa5 Rxa5 15. 0-0 0-0 16. Bxf6 Bxf6 17. Qb3 Qd5 18. Rb1 Kg7 19. h3 Rd8 20. Qb4 Ra2 21. e4 Qd6 22. d4 Qxb4 23. Rbxb4 e6 24. Rc7 Rb8 25. Ne5 Bxe5 26. dxe5 Rd2 27. Rb3 Rd1+ 28. Kh2 Rd4 29. Rf3 Rf8 30. Rxb7 Rxe4 31. Rb3 Rxe5 32. b6 Rd5 33. Rc7 Rb8 34. b7 Rdd8 35. Rbc3 Rf8 36. Kg3 h6 37. Kf4 Rg8 38. Ke5 Rgd8 39. Rf3 Rf8 40. Kd6 Rfd8+ 41. Kc6 Rf8 42. Kb6 g5 43. Rc8 1-0

[Event "Valencia op 7th"]
[Site "Valencia"]
[Date "2014.01.03"]
[Round "4"]
[White "Gimeno Higueras, Roberto"]
[Black "Gimenez Menchon, Cesar"]
[Result "0-1"]
[WhiteElo "2198"]
[BlackElo "2032"]
[PlyCount "127"]
[EventDate "2014.01.02"]
[EventType "swiss"]
[EventRounds "7"]
[EventCountry "ESP"]
[SourceTitle "CBM 158 Extra"]
[Source "ChessBase"]
[SourceDate "2014.02.28"]
[SourceVersion "1"]
[SourceVersionDate "2014.02.28"]
[SourceQuality "1"]

1. e4 c5 2. c3 d5 3. exd5 Qxd5 4. d4 Nc6 5. Nf3 Bg4 6. Be2 cxd4 7. cxd4 e6 8. 0-0 Nf6 9. h3 Bh5 10. Nc3 Qd8 11. Qb3 a6 12. d5 exd5 13. Rd1 d4 14. Bg5 Be7 15. Bxf6 Bxf6 16. Qxb7 Rc8 17. Nxd4 Bxd4 18. Bxh5 0-0 19. Qxa6 Qh4 20. Bxf7+ Kxf7 21. Qc4+ Kg6 22. Qe6+ Qf6 23. Qe4+ Kh6 24. Rf1 g6 25. Rad1 Rcd8 26. Nd5 Qe5 27. Qxe5 Bxe5 28. b4 Bd4 29. b5 Rxd5 30. bxc6 Bxf2+ 31. Kh1 Bg3 32. Kg1 Rxf1+ 33. Rxf1 Rc5 34. a4 Rxc6 35. Ra1 Kg7 36. Kf1 Re6 37. Rb1 Re4 38. a5 Ra4 39. Rb3 Bf4 40. Rb5 Bd2 41. Ke2 Bxa5 42. Kf3 Kf6 43. Rb7 h6 44. Ke2 Ra3 45. Rb5 Bc7 46. Rb7 Bg3 47. Rb6+ Kf5 48. Rb7 h5 49. Rb5+ Kf6 50. Rb6+ Kg5 51. Rb5+ Kh6 52. Rb7 h4 53. Rb2 Ra5 54. Kf3 Kg5 55. Rc2 Kf5 56. Rb2 Ra3+ 57. Ke2 Be5 58. Rb4 Ra2+ 59. Kf1 Bg3 60. Rb5+ Ke4 61. Rb4+ Kd3 62. Rb3+ Kc2 63. Rb6 Kd2 64. Rb1 0-1

[Event "Valencia op 7th"]
[Site "Valencia"]
[Date "2014.01.03"]
[Round "3"]
[White "Uran Bermudez, Oliver Kevin"]
[Black "Gimeno Higueras, Roberto"]
[Result "0-1"]
[WhiteElo "2103"]
[BlackElo "2198"]
[PlyCount "46"]
[EventDate "2014.01.02"]
[EventType "swiss"]
[EventRounds "7"]
[EventCountry "ESP"]
[SourceTitle "CBM 158 Extra"]
[Source "ChessBase"]
[SourceDate "2014.02.28"]
[SourceVersion "1"]
[SourceVersionDate "2014.02.28"]
[SourceQuality "1"]

1. e4 c6 2. d4 d5 3. Nd2 dxe4 4. Nxe4 Bf5 5. Ng3 Bg6 6. h4 h6 7. Nf3 Nd7 8. h5 Bh7 9. Bd3 Bxd3 10. Qxd3 Ngf6 11. Bd2 e6 12. 0-0-0 Be7 13. Kb1 a5 14. Ne4 a4 15. Nxf6+ Nxf6 16. Ne5 Qd5 17. Rde1 Rd8 18. Qg3 Ne4 19. Rxe4 Qxe4 20. Qxg7 Qh7 21. Bxh6 Rxd4 22. Nxf7 Qxg7 23. Bxg7 Rxh5 0-1

[Event "ESP-ch Universities"]
[Site "Alicante"]
[Date "2011.05.10"]
[Round "8"]
[White "Senlle Caride, Miguel"]
[Black "Gimeno Higueras, Roberto"]
[Result "1-0"]
[WhiteElo "2271"]
[BlackElo "2160"]
[PlyCount "84"]
[EventDate "2011.05.09"]
[EventType "team-swiss"]
[EventRounds "9"]
[EventCountry "ESP"]
[SourceTitle "CBM 142 Extra"]
[Source "ChessBase"]
[SourceDate "2011.06.27"]
[SourceVersion "1"]
[SourceVersionDate "2011.06.27"]
[SourceQuality "1"]

1. e4 c6 2. d4 d5 3. Nd2 dxe4 4. Nxe4 Bf5 5. Ng3 Bg6 6. Nf3 Nd7 7. h4 h6 8. h5 Bh7 9. Bd3 Bxd3 10. Qxd3 Qc7 11. Bd2 Ngf6 12. 0-0-0 e6 13. Ne4 Nxe4 14. Qxe4 Nf6 15. Qe2 0-0-0 16. Kb1 Kb8 17. Rh4 Ka8 18. Ne5 Bd6 19. Nd3 Rhe8 20. Re1 Rd7 21. Ne5 Bxe5 22. dxe5 Qd8 23. Bc1 Nd5 24. Rg4 f5 25. exf6 Nxf6 26. Rg6 Qa5 27. Bxh6 Nxh5 28. Bc1 Nf6 29. Rg5 Qa6 30. Qxa6 bxa6 31. Rge5 Rde7 32. Bg5 Kb7 33. f4 Kc7 34. c3 Rd7 35. Kc2 Rd6 36. f5 Nd7 37. Rxe6 Rdxe6 38. fxe6 Nf6 39. Bf4+ Kd8 40. Bd6 Nd5 41. Bc5 Nc7 42. Be3 Rh8 1-0

[Event "Benidorm op U2300 07th"]
[Site "Benidorm"]
[Date "2008.12.02"]
[Round "4"]
[White "Gimeno Higueras, Roberto"]
[Black "Soler di Benedetto, Sandra"]
[Result "1-0"]
[WhiteElo "2187"]
[BlackElo "2015"]
[PlyCount "107"]
[EventDate "2008.11.29"]
[EventType "swiss"]
[EventRounds "9"]
[EventCountry "ESP"]
[SourceTitle "CBM 127 Extra"]
[Source "ChessBase"]
[SourceDate "2009.01.08"]
[SourceVersion "2"]
[SourceVersionDate "2009.01.28"]
[SourceQuality "1"]

1. e4 c5 2. c3 Nf6 3. e5 Nd5 4. Bc4 Nb6 5. Bb3 c4 6. Bc2 Nc6 7. Qe2 Qc7 8. Nf3 g5 9. e6 dxe6 10. Nxg5 Qe5 11. d4 cxd3 12. Bxd3 Qxe2+ 13. Bxe2 e5 14. Bh5 Nd8 15. Be3 h6 16. Nf3 Bg7 17. Nbd2 0-0 18. Bxb6 axb6 19. Nc4 Be6 20. Ncxe5 Nc6 21. Nxc6 bxc6 22. Nd2 Bxa2 23. Bf3 Bd5 24. Ke2 b5 25. Kd3 e5 26. g4 Rfd8 27. Kc2 Bxf3 28. Nxf3 Kf8 29. Nd2 Ke7 30. Ne4 Ke6 31. Nc5+ Kf6 32. h4 Kg6 33. Rxa8 Rxa8 34. Rd1 Bf8 35. Nd7 f6 36. Kd3 Rd8 37. Ke4 Be7 38. b4 Ra8 39. Rd3 Ra2 40. f4 exf4 41. Kxf4 Rf2+ 42. Kg3 Re2 43. Kf3 Re1 44. Re3 Rxe3+ 45. Kxe3 h5 46. gxh5+ Kxh5 47. Kf4 Kxh4 48. Kf5 Kg3 49. Ke6 f5 50. Kxe7 Kf4 51. Kd6 Ke3 52. Ne5 Ke4 53. Ng6 Kd3 54. Kxc6 1-0

[Event "Benidorm op U2300 07th"]
[Site "Benidorm"]
[Date "2008.11.29"]
[Round "1"]
[White "Ballester Llagaria, Luis Eduardo"]
[Black "Gimeno Higueras, Roberto"]
[Result "1-0"]
[WhiteElo "2043"]
[BlackElo "2187"]
[PlyCount "35"]
[EventDate "2008.11.29"]
[EventType "swiss"]
[EventRounds "9"]
[EventCountry "ESP"]
[SourceTitle "CBM 127 Extra"]
[Source "ChessBase"]
[SourceDate "2009.01.08"]
[SourceVersion "2"]
[SourceVersionDate "2009.01.28"]
[SourceQuality "1"]

1. e4 c6 2. d4 d5 3. exd5 cxd5 4. c4 Nf6 5. Nc3 Nc6 6. Bg5 Qb6 7. cxd5 Qxb2 8. Rc1 Nb4 9. Na4 Qxa2 10. Bc4 Bg4 11. Nf3 Bxf3 12. gxf3 Nc2+ 13. Qxc2 Qxc2 14. Rxc2 a6 15. Nc5 Rc8 16. Nxb7 Nd7 17. 0-0 h6 18. Re1 1-0

[Event "ESP-ch Universities"]
[Site "Madrid"]
[Date "2008.05.09"]
[Round "4"]
[White "Gimeno Higueras, Roberto"]
[Black "Pavon Cardenas, Jesus Miguel"]
[Result "1-0"]
[WhiteElo "2219"]
[BlackElo "2093"]
[PlyCount "57"]
[EventDate "2008.05.08"]
[EventType "swiss"]
[EventRounds "9"]
[EventCountry "ESP"]
[SourceTitle "CBM 124 Extra"]
[Source "ChessBase"]
[SourceDate "2008.07.03"]
[SourceVersion "1"]
[SourceVersionDate "2008.07.03"]
[SourceQuality "1"]

1. e4 e5 2. Nf3 Nc6 3. Bb5 a6 4. Bxc6 dxc6 5. 0-0 Bg4 6. h3 Bxf3 7. Qxf3 Qf6 8. Qe3 Bd6 9. b3 Ne7 10. Na3 0-0 11. c3 Qg6 12. d4 f6 13. Bb2 Kh8 14. Rad1 f5 15. Nc4 exd4 16. Qxd4 Bf4 17. Ba3 c5 18. Qd7 Nc6 19. Bxc5 Rf7 20. exf5 Rxf5 21. Be3 Ne5 22. Nxe5 Bxe5 23. Bd4 Rf7 24. Qd5 Bd6 25. Qxb7 Raf8 26. Qd5 Rf3 27. Bc5 R8f5 28. Qa8+ Rf8 29. Qxa6 1-0

[Event "ESP-ch Universities"]
[Site "Madrid"]
[Date "2008.05.08"]
[Round "2"]
[White "Gimeno Higueras, Roberto"]
[Black "Grana Lois, Jorge"]
[Result "1-0"]
[WhiteElo "2219"]
[BlackElo "2085"]
[PlyCount "115"]
[EventDate "2008.05.08"]
[EventType "swiss"]
[EventRounds "9"]
[EventCountry "ESP"]
[SourceTitle "CBM 124 Extra"]
[Source "ChessBase"]
[SourceDate "2008.07.03"]
[SourceVersion "1"]
[SourceVersionDate "2008.07.03"]
[SourceQuality "1"]

1. e4 e6 2. d4 d5 3. Nc3 Bb4 4. e5 c5 5. a3 Bxc3+ 6. bxc3 Qc7 7. Bd3 b6 8. Qg4 f5 9. exf6 Nxf6 10. Bb5+ Kf7 11. Qh4 Rf8 12. Bf4 Qd8 13. Nf3 Bd7 14. Bd3 h6 15. Qg3 Ne4 16. Bxe4 dxe4 17. Ne5+ Kg8 18. Bxh6 Qf6 19. Bg5 Qf5 20. 0-0 Ba4 21. f3 Nc6 22. Nd7 Nxd4 23. cxd4 Bxd7 24. c3 Bb5 25. Rf2 Rac8 26. Re1 cxd4 27. cxd4 Rc3 28. Be7 Rf7 29. Bb4 Rd3 30. Qd6 exf3 31. Qd8+ Kh7 32. Qh4+ Kg8 33. g4 Qf6 34. g5 Qf4 35. Qh3 Qxg5+ 36. Kh1 Bc4 37. Bd6 Qe3 38. Qf1 Rd1 39. Rxe3 Bxf1 40. h4 Bg2+ 41. Kh2 Rh1+ 42. Kg3 Rf6 43. Be7 Rg6+ 44. Bg5 Rd1 45. Re4 Rd3 46. Kf4 e5+ 47. dxe5 Kf7 48. Rc2 Rd7 49. Kg3 Re6 50. Rc8 Kg6 51. Rh8 Rd5 52. Bf4 Kf5 53. Re3 Rd4 54. h5 Re7 55. e6 Rxf4 56. Rf8+ Kg5 57. Re5+ Kh6 58. Rh8# 1-0

[Event "Cullera op-A"]
[Site "Cullera"]
[Date "2007.07.07"]
[Round "2"]
[White "Gimeno Higueras, Roberto"]
[Black "Roca Galarza, Jose"]
[Result "1/2-1/2"]
[WhiteElo "2185"]
[BlackElo "2308"]
[PlyCount "59"]
[EventDate "2007.07.06"]
[EventType "swiss"]
[EventRounds "9"]
[EventCountry "ESP"]
[SourceTitle "CBM 119 Extra"]
[Source "ChessBase"]
[SourceDate "2007.09.04"]
[SourceVersion "1"]
[SourceVersionDate "2007.09.04"]
[SourceQuality "1"]

1. b4 e5 2. Bb2 Bxb4 3. Bxe5 Nf6 4. Nf3 d5 5. c4 0-0 6. Qb3 c5 7. e3 Nc6 8. cxd5 Nxe5 9. Nxe5 Qxd5 10. Qxd5 Nxd5 11. Bc4 Be6 12. 0-0 Rfd8 13. Rc1 Rac8 14. a3 Ba5 15. Bxd5 Bxd5 16. Nc3 Be6 17. d3 f6 18. Nc4 Bc7 19. Nb2 f5 20. f4 Kf7 21. Kf2 h6 22. a4 g5 23. g3 gxf4 24. gxf4 Rd7 25. a5 Bd8 26. Ra3 Bf6 27. Nca4 Rdc7 28. Nc4 Ke7 29. Nc3 Rd7 30. Na4 1/2-1/2

[Event "ESP-ch Student"]
[Site "Cartagena"]
[Date "2007.05.08"]
[Round "3"]
[White "Alsina Leal, Daniel"]
[Black "Gimeno Higueras, Roberto"]
[Result "1-0"]
[WhiteElo "2428"]
[BlackElo "2198"]
[PlyCount "57"]
[EventDate "2007.05.06"]
[EventType "swiss"]
[EventRounds "9"]
[EventCountry "ESP"]
[SourceTitle "CBM 118 Extra"]
[Source "ChessBase"]
[SourceDate "2007.07.04"]
[SourceVersion "1"]
[SourceVersionDate "2007.07.04"]
[SourceQuality "1"]

1. e4 e5 2. Nf3 Nf6 3. Nxe5 d6 4. Nf3 Nxe4 5. Nc3 Nxc3 6. dxc3 Be7 7. Be3 Be6 8. Qd2 Nc6 9. 0-0-0 Bf6 10. Kb1 h6 11. h3 a6 12. g4 Qd7 13. Bg2 Na5 14. b3 Qb5 15. Nd4 Bxd4 16. Qxd4 0-0 17. f4 Rfe8 18. Rhe1 c5 19. Qxd6 Bxb3 20. Qxc5 Bxc2+ 21. Kxc2 Qa4+ 22. Kb1 Rxe3 23. Qxe3 Nc4 24. Qc1 Rc8 25. Bd5 Na3+ 26. Kb2 Nb5 27. Bb3 Qa3+ 28. Ka1 Qa5 29. Re3 1-0

[Event "La Roda op 34th"]
[Site "La Roda"]
[Date "2007.04.07"]
[Round "7"]
[White "Koziak, Vitali"]
[Black "Gimeno Higueras, Roberto"]
[Result "1-0"]
[WhiteElo "2461"]
[BlackElo "2198"]
[PlyCount "53"]
[EventDate "2007.04.04"]
[EventType "swiss"]
[EventRounds "9"]
[EventCountry "ESP"]
[SourceTitle "CBM 117 Extra"]
[Source "ChessBase"]
[SourceDate "2007.05.09"]
[SourceVersion "1"]
[SourceVersionDate "2007.05.09"]
[SourceQuality "1"]

1. d4 d5 2. c4 dxc4 3. e4 e5 4. Nf3 exd4 5. Bxc4 Bb4+ 6. Nbd2 Qe7 7. 0-0 Nc6 8. Nb3 Nf6 9. Nbxd4 Nxd4 10. Qxd4 Qxe4 11. Bxf7+ Ke7 12. Qxe4+ Nxe4 13. Bb3 h6 14. Bf4 Bg4 15. Rae1 Bxe1 16. Rxe1 Kf6 17. Rxe4 Bxf3 18. gxf3 Rhe8 19. Bxc7 Rac8 20. Bf4 g5 21. Be3 Rxe4 22. fxe4 Ke5 23. f3 g4 24. fxg4 Kxe4 25. Kf2 Rc6 26. Bxa7 Kd3 27. h4 1-0

[Event "Cullera op-A"]
[Site "Cullera"]
[Date "2006.07.24"]
[Round "4"]
[White "Alonso Fernandez, Marcos"]
[Black "Gimeno Higueras, Roberto"]
[Result "1-0"]
[WhiteElo "2296"]
[BlackElo "2141"]
[PlyCount "55"]
[EventDate "2006.07.20"]
[EventType "swiss"]
[EventRounds "9"]
[EventCountry "ESP"]
[SourceTitle "EXT 2007"]
[Source "ChessBase"]
[SourceDate "2006.11.23"]
[SourceVersion "1"]
[SourceVersionDate "2006.11.23"]
[SourceQuality "1"]

1. d4 d5 2. c4 dxc4 3. Nf3 Nf6 4. e3 e6 5. Bxc4 c5 6. 0-0 Nc6 7. Nc3 a6 8. a3 cxd4 9. exd4 Be7 10. Re1 0-0 11. Bb3 Na5 12. Bc2 b5 13. Qd3 Bb7 14. Bg5 g6 15. Ne5 Nc6 16. Rad1 Nd5 17. Bh6 Re8 18. Nxd5 Qxd5 19. Qg3 Nxd4 20. Be3 Bc5 21. Bxd4 Bxd4 22. Nxf7 Qc5 23. Bxg6 hxg6 24. Qxg6+ Kf8 25. Ng5 Bxf2+ 26. Kh1 Re7 27. Nxe6+ Rxe6 28. Rxe6 1-0

[Event "Cullera op-A"]
[Site "Cullera"]
[Date "2006.07.21"]
[Round "2"]
[White "Lopez Gomez, Daniel"]
[Black "Gimeno Higueras, Roberto"]
[Result "1/2-1/2"]
[WhiteElo "1927"]
[BlackElo "2141"]
[PlyCount "58"]
[EventDate "2006.07.20"]
[EventType "swiss"]
[EventRounds "9"]
[EventCountry "ESP"]
[SourceTitle "EXT 2007"]
[Source "ChessBase"]
[SourceDate "2006.11.23"]
[SourceVersion "1"]
[SourceVersionDate "2006.11.23"]
[SourceQuality "1"]

1. e4 e5 2. Nf3 Nf6 3. Nxe5 d6 4. Nf3 Nxe4 5. d4 d5 6. Be2 Bd6 7. c3 0-0 8. 0-0 Nd7 9. Nbd2 Ndf6 10. Qb3 Re8 11. Bd3 c6 12. c4 Qc7 13. Qc2 Bf5 14. cxd5 cxd5 15. Qxc7 Bxc7 16. Bb5 Re7 17. Nh4 Be6 18. Nb3 Bb6 19. Nf3 Rc8 20. Bd3 Bg4 21. Ne5 Bh5 22. Bf4 Nd7 23. Nxd7 Rxd7 24. Rac1 Rdd8 25. f3 Nd6 26. Bxd6 Rxc1 27. Rxc1 Rxd6 28. Rc8+ Bd8 29. Bf5 Bg6 1/2-1/2

[Event "ESP-ch U18"]
[Site "Banos de Montemayor"]
[Date "2006.07.09"]
[Round "3"]
[White "Gimeno Higueras, Roberto"]
[Black "Larino Nieto, David"]
[Result "0-1"]
[WhiteElo "2141"]
[BlackElo "2371"]
[PlyCount "180"]
[EventDate "2006.07.08"]
[EventType "swiss"]
[EventRounds "9"]
[EventCountry "ESP"]
[SourceTitle "EXT 2007"]
[Source "ChessBase"]
[SourceDate "2006.11.23"]
[SourceVersion "1"]
[SourceVersionDate "2006.11.23"]
[SourceQuality "1"]

1. b4 a5 2. b5 d5 3. Bb2 c5 4. bxc6 bxc6 5. Nf3 Nd7 6. e3 a4 7. c4 e6 8. Qc1 Ba6 9. Nc3 Bxc4 10. Bxc4 a3 11. Bb3 axb2 12. Qxb2 Ba3 13. Qc2 Ngf6 14. Ba4 Ra6 15. Nd4 Qa8 16. 0-0 0-0 17. Rfb1 Rc8 18. Qd1 Nb6 19. Bb3 Nfd7 20. Nf3 Ra5 21. Bc2 Nc4 22. d4 h6 23. Rb3 Bb2 24. Rb1 Bxc3 25. Rxc3 Rxa2 26. Bb3 Ra3 27. Qd3 Nd6 28. Nd2 c5 29. dxc5 Nxc5 30. Qc2 Nxb3 31. Rxc8+ Qxc8 32. Qxc8+ Nxc8 33. Nxb3 g6 34. h3 Kg7 35. Nd4 Kf6 36. Rb2 Nd6 37. Kh2 Ra1 38. Rc2 Ne4 39. g3 g5 40. Kg2 h5 41. Kf3 Rf1 42. Kg2 Rd1 43. Kf3 Rf1 44. Kg2 Re1 45. Kf3 g4+ 46. Kg2 Kg6 47. hxg4 hxg4 48. Rb2 Ng5 49. Rb6 Rd1 50. Ra6 Rd2 51. Rc6 Nh3 52. Rc2 Rd1 53. Nc6 f6 54. f3 Kh5 55. f4 Rg1+ 56. Kh2 Re1 57. Nd4 Rxe3 58. Rc8 Re4 59. Nc6 Re2+ 60. Kh1 Kg6 61. Re8 Kf7 62. Rd8 Re1+ 63. Kg2 Rg1+ 64. Kh2 Rc1 65. Rd7+ Kf8 66. Rd8+ Kg7 67. Rd7+ Kh6 68. Ne7 Rc2+ 69. Kh1 Nf2+ 70. Kg1 Ne4 71. Ng8+ Kg6 72. Ne7+ Kh5 73. Rd8 Kh6 74. f5 Nxg3 75. fxe6 Ne2+ 76. Kf1 Nd4 77. Rxd5 Nxe6 78. Rd6 Rc1+ 79. Kf2 Ng5 80. Rxf6+ Kh5 81. Rf8 Ne4+ 82. Kg2 Rc2+ 83. Kg1 Kg5 84. Kf1 Rd2 85. Kg1 Rd7 86. Rf5+ Kh4 87. Ng6+ Kg3 88. Ne5 Rd5 89. Kf1 Nd2+ 90. Ke2 Nc4 0-1

[Event "ESP-ch U18"]
[Site "Mondariz"]
[Date "2005.10.01"]
[Round "7"]
[White "Senlle Caride, Miguel"]
[Black "Gimeno Higueras, Roberto"]
[Result "1/2-1/2"]
[WhiteElo "1966"]
[BlackElo "2116"]
[PlyCount "84"]
[EventDate "2005.09.27"]
[EventType "swiss"]
[EventRounds "9"]
[EventCountry "ESP"]
[SourceTitle "CBM 108 Extra"]
[Source "ChessBase"]
[SourceDate "2005.11.04"]
[SourceVersion "1"]
[SourceVersionDate "2005.11.04"]
[SourceQuality "1"]

1. e4 c6 2. d4 d5 3. Nd2 dxe4 4. Nxe4 Bf5 5. Ng3 Bg6 6. h4 h6 7. Nf3 Nd7 8. h5 Bh7 9. Bd3 Bxd3 10. Qxd3 Ngf6 11. Bd2 Qc7 12. 0-0-0 0-0-0 13. Qa3 Kb8 14. Ba5 b6 15. Bb4 Nd5 16. Bd2 e6 17. Qb3 c5 18. dxc5 Nxc5 19. Qc4 Rc8 20. Kb1 Be7 21. Rhe1 Bf6 22. Ne4 Nxe4 23. Qxe4 Rhd8 24. Rc1 Qc4 25. Ne5 Qxe4 26. Rxe4 Bxe5 27. Rxe5 Rc4 28. g3 Kb7 29. c3 Nf6 30. Kc2 Ng4 31. Re2 Nf6 32. Re5 Kc6 33. b3 Rc5 34. Rxc5+ bxc5 35. g4 Nd7 36. Bf4 e5 37. Bg3 f6 38. Rd1 Re8 39. Kd3 Kd5 40. Ke3+ Ke6 41. Ke4 Rg8 42. f4 Rd8 1/2-1/2

[Event "Cullera op 26th"]
[Site "Cullera"]
[Date "2005.07.29"]
[Round "8.29"]
[White "Gimeno Higueras, Roberto"]
[Black "Gallardo de la Torre, Yasmina"]
[Result "1-0"]
[WhiteElo "2116"]
[BlackElo "2026"]
[PlyCount "57"]
[EventDate "2005.07.21"]
[EventType "swiss"]
[EventRounds "9"]
[EventCountry "ESP"]
[SourceTitle "CBM 107 Extra"]
[Source "ChessBase"]
[SourceDate "2005.09.01"]
[SourceVersion "1"]
[SourceVersionDate "2005.09.01"]
[SourceQuality "1"]

1. b4 e5 2. Bb2 d6 3. e3 Nd7 4. c4 g6 5. Nc3 Bg7 6. d4 Ne7 7. Nf3 0-0 8. Be2 f5 9. dxe5 dxe5 10. 0-0 h6 11. c5 Kh7 12. Bc4 e4 13. Nd4 Ne5 14. Qb3 N7c6 15. Nce2 Nxc4 16. Nxc6 bxc6 17. Bxg7 Nd2 18. Qc3 Nxf1 19. Bxf8 Qxf8 20. Kxf1 Ba6 21. Ke1 Bxe2 22. Kxe2 Rd8 23. Rd1 Rxd1 24. Kxd1 Qf7 25. Qe5 g5 26. g4 Qd5+ 27. Qxd5 cxd5 28. b5 f4 29. a4 1-0